| 000 | 00650nam a2200217 u 4500 | ||
|---|---|---|---|
| 005 | 20240912063841.0 | ||
| 008 | 120816s2007 ag r 000 0 spa d | ||
| 020 | _a9789875730472 | ||
| 035 | _aUPN01000186244 | ||
| 049 | _aI | ||
| 050 | 4 |
_aPZ74 _bR6.4 |
|
| 100 | 1 |
_aRoldán, Gustavo, _d1935-2012 _930946 |
|
| 245 | 1 | 0 |
_aHistoria del dragón y la princesa / _cGustavo Roldán ; il. Mariela Glüzmann. |
| 260 |
_aBuenos Aires : _bSM, _c2007. |
||
| 300 |
_a47 p. : _bil. col. |
||
| 440 | 3 |
_aEl barco de vapor ; _v4 |
|
| 650 | 0 |
_aCuentos de hadas _95259 |
|
| 650 | 4 |
_aCuentos infantiles argentinos _97466 |
|
| 905 | _aInfantil | ||
| 999 |
_c158347 _d158347 |
||